Falcon and The Winter Soldier Character Quiz - Statistics

General Stats
  • This quiz has been taken 15 times
  • The average score is 9 of 15
Answer Stats
Hint Answer % Correct
White Wolf Bucky Barnes
100%
New Captain America Sam Wilson
100%
Sokovian Villain Baron Zemo
85%
Goverment's Captain John Walker
85%
The Power Broker Sharon Carter
77%
Don Cheadle James Rhodes
69%
Old Super Soldier Isaiah Bradley
62%
Flagsmashers leader Karli Morganthau
62%
Main character's sister Sarah Wilson
62%
3rd characters best friend Battlestar
54%
Dora Milaje Member Ayo
38%
High Jumper Batroc The Leaper
23%
New Falcon Joaquin Torres
23%
Recruiter Valentina Allegra de Fontaine
23%
Isaiah Bradley's son Eli Bradley
15%
No matching quizzes found
Score Distribution
Percent of People with Each Score
Percentile by Number Answered
Your Score History
You have not taken this quiz